Crítica práctica-práctica crítica

Gespeichert in:
Bibliographische Detailangaben
1. Verfasser: González Echevarría, Roberto (VerfasserIn)
Format: Buch
Sprache:Spanisch
Veröffentlicht: Ciudad de México Fondo de Cultura Económica 2002
Schriftenreihe:Tierra Firme
Schlagworte:
Tags: Tag hinzufügen
Keine Tags, Fügen Sie den ersten Tag hinzu!

MARC

LEADER 00000nam a2200000 a 4500
001 UCL2859
003 CL-VaPUC
008 031107e20020000MX |||||||||||||||||spa|d
020 |a 9681667018 
082 0 4 |a 860.9  |b GON  |2 21 
100 |a González Echevarría, Roberto  |e author  |9 574002 
245 1 0 |a Crítica práctica-práctica crítica 
300 |a 312 p 
942 |c BK 
945 |d 20031107 00:00:00  |a cmena 
260 |a Ciudad de México  |b Fondo de Cultura Económica  |c 2002 
650 0 |a Crítica literaria   |9 269189 
650 0 |a Literatura latinoamericana  |9 309997 
650 0 |a Interpretación crítica  |9 323363 
583 |a last modification  |c 20031107 00:00:00  |k Rodrigo Vera 
490 0 |a Tierra Firme 
999 |c 306034  |d 306032 
952 |0 0  |1 0  |4 0  |6 860_900000000000000_GON_2002  |7 0  |8 A  |9 370708  |a BIBEDU  |b BIBEDU  |d 2019-11-21  |i 3952266  |l 1  |o 860.9 GON 2002  |p 3952266  |r 2023-10-30  |s 2023-10-30  |w 2019-11-21  |y BK  |k LIT 
952 |0 0  |1 0  |4 0  |6 860_900000000000000_GON_2002  |7 0  |8 A  |9 370709  |a BIBEDU  |b BIBEDU  |d 2019-11-21  |i 3971325  |o 860.9 GON 2002  |p 3971325  |r 2019-11-21  |w 2019-11-21  |y BK  |k LIT